| Tag |
First Indicator |
Second Indicator |
Subfields |
| LEADER |
00000cam a2200000 4500 |
| 001 |
in00000058142 |
| 005 |
20151008051506.0 |
| 008 |
720728s1950 nju 00000 eng u |
| 010 |
|
|
|a 50010704
|
| 035 |
|
|
|a (OCoLC)00367726
|
| 035 |
|
|
|9 AAG8251AM
|
| 040 |
|
|
|c WBU
|d TXA
|d UtOrBLW
|
| 049 |
|
|
|a TXAM
|c [181157]
|
| 050 |
|
0 |
|a UB342.U5
|b N145
|
| 092 |
|
|
|a 355.22
|b N145f
|
| 100 |
1 |
|
|a Naeve, Lowell.
|
| 245 |
1 |
2 |
|a A field of broken stones /
|c by Lowell Naeve in collaboration with David Wieck.
|
| 250 |
|
|
|a [1st ed.].
|
| 264 |
|
1 |
|a Glen Gardner, N.J. :
|b Libertarian Press,
|c [1950]
|
| 300 |
|
|
|a 231 pages :
|b illustrations ;
|c 20 cm.
|
| 336 |
|
|
|a text
|b txt
|2 rdacontent
|
| 337 |
|
|
|a unmediated
|b n
|2 rdamedia
|
| 338 |
|
|
|a volume
|b nc
|2 rdacarrier
|
| 650 |
|
0 |
|a Conscientious objectors
|z United States.
|
| 999 |
|
|
|a MARS
|
| 999 |
f |
f |
|s 0a3ef526-4d6e-3fe0-998c-ae065acb7000
|i f0d9662b-7f46-397a-88db-8ace246267fa
|t 0
|
| 952 |
f |
f |
|p ric
|a Texas A&M University
|b Rellis Campus
|c Joint Library Facility
|d Remote Storage
|t 0
|e UB342.U5 N145
|h Library of Congress classification
|i unmediated -- volume
|m A14800804493
|
| 998 |
f |
f |
|a UB342.U5 N145
|t 0
|l Remote Storage
|